00504nam a22001572 4500001001100000005001700011008004100028020001300069040001500082100004100097245007900138260003200217300002000249650003500269650004200304000000912620151217155839.0080904s xx 000 0 eng d cKES 2090 aKABUcKABU1 aHarvey, William Burnett.@000016033710aIntroduction to the legal system in East Africa /cWilliam Burnett Harvey. aNairobi :bK. L. B.,c1975. axxxiii, 902 p. 0aLawzAfrica, East.@0000160338 0aLawxCaseszAfrica, East.@0000160339